El extraño caso de Ulthar el gato: o el horror que cayó sobre Howard el niño

保存先:
書誌詳細
第一著者: Romo, Gerardo (著者)
フォーマット: 図書
言語:スペイン語
出版事項: Ciudad de México Progreso 2008
版:1a. ed
シリーズ:Colección Rehilete
主題:
タグ: タグ追加
タグなし, このレコードへの初めてのタグを付けませんか!

MARC

LEADER 00000cam a2200000 a 4500
001 UCD2077
003 CL-VaPUC
008 160414e20080000mx |||||||||||||||||spa|d
020 |a 9789706419910 
082 0 4 |a Me863  |b ROM  |2 21 
100 0 |a Romo, Gerardo  |e author  |9 585328 
245 1 3 |a El extraño caso de Ulthar el gato: o el horror que cayó sobre Howard el niño 
250 |a 1a. ed 
300 |a 119 p 
942 |c BK 
945 |d 20160414 22:19:00  |a cmena 
260 |a Ciudad de México  |b Progreso  |c 2008 
650 0 |a Literatura mexicana  |9 313097 
650 0 |a Novelas mexicanas  |9 317570 
650 0 |a Literatura infantil   |9 307465 
583 |a last modification  |c 20160414 22:19:00  |k Rodrigo Vera 
490 0 |a Colección Rehilete 
999 |c 363273  |d 363271